| Tag |
First Indicator |
Second Indicator |
Subfields |
| LEADER |
00000pam a22000004a 4500 |
| 001 |
in00001600536 |
| 005 |
20151022170922.0 |
| 008 |
000615s2000 ohua 001 0 eng |
| 010 |
|
|
|a 00056251
|
| 020 |
|
|
|a 1581800126 (pbk. : alk. paper)
|
| 035 |
|
|
|a (OCoLC)ocm44468991
|
| 040 |
|
|
|a DLC
|c DLC
|d TXA
|d UtOrBLW
|
| 042 |
|
|
|a pcc
|
| 043 |
|
|
|a n-us---
|
| 049 |
|
|
|a TXAM
|
| 050 |
0 |
0 |
|a NC998.5.A1
|b G63 2000
|
| 082 |
0 |
0 |
|a 741.6
|2 21
|
| 100 |
1 |
|
|a Gonnella, Rose.
|
| 245 |
1 |
0 |
|a Creative jolt inspirations /
|c Rose Gonnella, Denise M. Anderson, Robin Landa.
|
| 264 |
|
1 |
|a Cincinnati, Ohio :
|b North Light Books,
|c [2000]
|
| 264 |
|
4 |
|c ©2000
|
| 300 |
|
|
|a 144 pages :
|b chiefly illustrations (some color) ;
|c 23 cm.
|
| 336 |
|
|
|a text
|b txt
|2 rdacontent
|
| 337 |
|
|
|a unmediated
|b n
|2 rdamedia
|
| 338 |
|
|
|a volume
|b nc
|2 rdacarrier
|
| 500 |
|
|
|a Cover title.
|
| 500 |
|
|
|a Includes index.
|
| 650 |
|
0 |
|a Commercial art
|z United States.
|
| 650 |
|
0 |
|a Graphic arts
|z United States.
|
| 700 |
1 |
|
|a Anderson, Denise M.,
|d 1963-
|
| 700 |
1 |
|
|a Landa, Robin.
|
| 948 |
|
|
|a cataloged
|b h
|c 2001/2/23
|d c
|e jspillan
|f 10:14:34 am
|
| 994 |
|
|
|a E0
|b TXA
|
| 999 |
|
|
|a MARS
|
| 999 |
f |
f |
|s 2bd48881-a9c2-312b-99c3-5506a3d2cefc
|i 9921c496-c5ad-3e6c-9076-248859897c53
|t 0
|
| 952 |
f |
f |
|p normal
|a Texas A&M University
|b College Station
|c Sterling C. Evans Library
|d Evans: Library Stacks
|t 0
|e NC998.5.A1 G63 2000
|h Library of Congress classification
|i unmediated -- volume
|m A14827177338
|
| 998 |
f |
f |
|a NC998.5.A1 G63 2000
|t 0
|l Evans: Library Stacks
|